000
00270nam a22001217a 4500
999
_c
12088
_d
12088
082
_a
358.4
100
_a
Muhammad Yusuf
245
_a
Cadet College Larkana
260
_a
Larkana
_b
Sindhica Academy
_c
2013
300
_a
620
650
_a
English Fiction
942
_c
BK